| 000 | 00656cam a2200241 i 4500 | ||
|---|---|---|---|
| 001 | 110162 | ||
| 005 | 20230410115611.0 | ||
| 008 | 130523b1994 enka 000 0 eng | ||
| 020 | _a0748718958 | ||
| 041 | 0 | _aeng | |
| 050 | 1 | 4 |
_aHF 5351 _bN374e 1994 |
| 100 | 1 | _aNeedham, David | |
| 245 | 1 | 0 |
_aEuropean business studies / _cDavid Needham; Robert Dransfield |
| 260 |
_aCheltenham, Glos. : _bStanley Thornes, _c1994 |
||
| 300 | _ax, 230 p. | ||
| 650 | 0 | _aBusiness. | |
| 650 | 0 | _aIndustrial management. | |
| 650 | 4 | _aNegocios. | |
| 650 | 4 | _aAdministración industrial. | |
| 700 | 1 |
_aDransfield, Robert, _d1952- |
|
| 942 |
_2lcc _cbk |
||
| 946 | _aYSL | ||
| 999 |
_c44405 _d44405 |
||